Film, form, and culture

This text looks at film from part to whole--from the shot and the cut to the cultural, political, and economic contexts in which films are made. "Teaching Film is about getting control of the image and handing that control over to students," argues author Robert Kolker, and that's jus...

全面介绍

Đã lưu trong:
书目详细资料
主要作者: Kolker, Robert Phillip
格式: 图书
语言:Undetermined
出版: Boston McGraw-Hill 2006
主题:
标签: 添加标签
没有标签, 成为第一个标记此记录!
Thư viện lưu trữ: Trung tâm Học liệu Trường Đại học Cần Thơ
LEADER 00974nam a2200205Ia 4500
001 CTU_213926
008 210402s9999 xx 000 0 und d
020 |c 70.35 
082 |a 791.43 
082 |b K81 
100 |a Kolker, Robert Phillip 
245 0 |a Film, form, and culture 
245 0 |c Robert Kolker 
260 |a Boston 
260 |b McGraw-Hill 
260 |c 2006 
520 |a This text looks at film from part to whole--from the shot and the cut to the cultural, political, and economic contexts in which films are made. "Teaching Film is about getting control of the image and handing that control over to students," argues author Robert Kolker, and that's just what he does in his teaching and writing about film, including in this outstanding textbook and DVD-ROM package. 
650 |a Motion pictures,Culture in motion pictures,Hình ảnh động,Văn hóa trong phim 
904 |i Năm 
980 |a Trung tâm Học liệu Trường Đại học Cần Thơ